000 00479ngm a2200169 i 4500
001 C2-0306664
003 PPAK
005 20180727220430.0
008 101206s2010 xxu|||| ||||| | vleng d
040 _aPPAK
_beng
_cPPAK
_erda
245 0 0 _aMickey Mouse Club House :
_bmickey's great outdoors
264 1 _aUnited States :
_bBerjaya HVN Sdn. Bhd. ,
_c2010
336 _2rdacontent
_atext
337 _2rdamedia
_aunmediated
338 _2rdacarrier
_avolume
942 _2ddc
_cDVD
999 _c166245
_d166245